[Event "2 Bundesliga Mitte 2006/2007"]
[Site "St Valentin"]
[Date "2006.10.28"]
[Round "1"]
[Board "1"]
[White "Rogic, Davor"]
[Black "Horvath, Tamas"]
[Result "1/2-1/2"]
[WhiteElo "2494"]
[BlackElo "2427"]
[PlyCount "61"]
[EventDate "2006.10.28"]
[EventType "team"]
[EventRounds "11"]
[EventCountry "AUT"]
[WhiteTeam "ASVOe Raika StVeit/Glan"]
[BlackTeam "SC Gleisdorf"]

1.e4 c5 2.Nf3 Nc6 3.d4 cxd4 4.Nxd4 e5 5.Nb5 d6 6.N1c3 a6 7.Na3 b5 8.Nd5 Nge7
9.c4 Nxd5 10.Qxd5 Bd7 11.Be3 b4 12.Nc2 Be7 13.Rd1 Qc7 14.Be2 O-O 15.O-O Be6
16.Qd2 a5 17.b3 Rfd8 18.Kh1 Bf6 19.g3 Nb8 20.f4 Na6 21.Bf3 Nc5 22.f5 Bc8 23.g4
h6 24.Qg2 Bb7 25.Bf2 Qe7 26.Rb1 Bh4 27.Bg1 Bc6 28.Ne3 a4 29.Rfd1 axb3 30.axb3
Ra3 31.Qc2

[Event "2 Bundesliga Mitte 2006/2007"]
[Site "St Valentin"]
[Date "2006.10.28"]
[Round "1"]
[Board "2"]
[White "Meszaros, Tamas"]
[Black "Jurkovic, Hryoje"]
[Result "1/2-1/2"]
[WhiteElo "2352"]
[BlackElo "2438"]
[PlyCount "101"]
[EventDate "2006.10.28"]
[EventType "team"]
[EventRounds "11"]
[EventCountry "AUT"]
[WhiteTeam "SC Gleisdorf"]
[BlackTeam "ASVOe Raika StVeit/Glan"]

1.e4 c5 2.Nf3 e6 3.d4 cxd4 4.Nxd4 Nc6 5.Nc3 Qc7 6.Be3 a6 7.Qd2 Nf6 8.O-O-O Bb4
9.f3 Na5 10.Nb3 d5 11.e5 Nd7 12.f4 Bxc3 13.Qxc3 Qxc3 14.bxc3 b6 15.Nxa5 bxa5
16.c4 Bb7 17.cxd5 Bxd5 18.Rxd5 exd5 19.Be2 Rb8 20.Rd1 Nb6 21.Bxa6 Kd7 22.Bxb6
Rxb6 23.Rxd5+ Kc6 24.Bc4 Rb4 25.Rd6+ Kc7 26.Bxf7 Rxf4 27.Bd5 Rf5 28.Rc6+ Kd8
29.Be6 Rf1+ 30.Kb2 Re8 31.Bc4 Rf2 32.e6 Re7 33.Rd6+ Kc7 34.Ra6 Rxg2 35.Rxa5 Rxh2
36.a4 g6 37.Rb5 Rh5 38.Bd5 Rxd5 39.Rxd5 Rxe6 40.Kc3 h6 41.Kd4 g5 42.Rc5+ Kb6
43.Rb5+ Ka6 44.Re5 Rg6 45.Ke3 Rc6 46.Kf3 Kb6 47.a5+ Kc7 48.Re7+ Kd6 49.Rb7 Kc5
50.Kg4 Ra6 51.Kh5

[Event "2 Bundesliga Mitte 2006/2007"]
[Site "St Valentin"]
[Date "2006.10.28"]
[Round "1"]
[Board "3"]
[White "Mazi, Leon"]
[Black "Sandhu, Mario"]
[Result "0-1"]
[WhiteElo "2350"]
[BlackElo "2288"]
[PlyCount "70"]
[EventDate "2006.10.28"]
[EventType "team"]
[EventRounds "11"]
[EventCountry "AUT"]
[WhiteTeam "ASVOe Raika StVeit/Glan"]
[BlackTeam "SC Gleisdorf"]

1.e4 c6 2.d4 d5 3.Nc3 g6 4.h3 Bg7 5.Nf3 Nf6 6.e5 Ne4 7.Nxe4 dxe4 8.Ng5 c5 9.Bc4
O-O 10.c3 cxd4 11.cxd4 b5 12.Bb3 Bb7 13.h4 e3 14.fxe3 Bxg2 15.Rh2 Bd5 16.h5 h6
17.hxg6 Bxb3 18.axb3 hxg5 19.Qh5 fxg6 20.Qh7+ Kf7 21.Rf2+ Ke8 22.Qxg6+ Kd7
23.Qxg7 Rxf2 24.Kxf2 Nc6 25.Ke2 Qe8 26.e6+ Kc7 27.Qxg5 Qh8 28.Qg3+ Kb6 29.Bd2
Rg8 30.Qf3 Qh2+ 31.Kd3 Ne5+ 32.dxe5 Rd8+ 33.Ke4 Qxd2 34.Qf7 Qg2+ 35.Kf4 Rd2

[Event "2 Bundesliga Mitte 2006/2007"]
[Site "St Valentin"]
[Date "2006.10.28"]
[Round "1"]
[Board "4"]
[White "Frosch, Ronald"]
[Black "Hebesberger, Thomas"]
[Result "1/2-1/2"]
[WhiteElo "2264"]
[BlackElo "2333"]
[PlyCount "90"]
[EventDate "2006.10.28"]
[EventType "team"]
[EventRounds "11"]
[EventCountry "AUT"]
[WhiteTeam "SC Gleisdorf"]
[BlackTeam "ASVOe Raika StVeit/Glan"]

1.d4 g6 2.Nf3 Bg7 3.e3 Nf6 4.Be2 O-O 5.O-O d6 6.b3 Nbd7 7.Bb2 e5 8.c4 Re8 9.Nc3
e4 10.Nd2 Nf8 11.Re1 c6 12.Nf1 h5 13.Qd2 h4 14.f4 Bg4 15.b4 N8h7 16.d5 g5
17.dxc6 bxc6 18.Rad1 gxf4 19.exf4 Bxe2 20.Nxe2 a5 21.Qxd6 Qxd6 22.Rxd6 axb4
23.Rxc6 Rxa2 24.Be5 Nd7 25.Bxg7 Kxg7 26.Nd4 Nhf6 27.Ne3 h3 28.gxh3 Rb8 29.Rb1
Kh7 30.Rd6 Rd2 31.Ndf5 Rd3 32.Nd5 Nxd5 33.cxd5 b3 34.Rxd7 b2 35.Rc7 Ra3 36.Kf2
Ra1 37.Rxf7+ Kg6 38.Rg7+ Kxf5 39.Rgg1 Rxb1 40.Rxb1 Kxf4 41.d6 e3+ 42.Ke2 Rg8
43.d7 Rg2+ 44.Kf1 Rd2 45.Rxb2 Rxd7

[Event "2 Bundesliga Mitte 2006/2007"]
[Site "St Valentin"]
[Date "2006.10.28"]
[Round "1"]
[Board "5"]
[White "Smole, Albert"]
[Black "Wanderer, Thomas"]
[Result "1/2-1/2"]
[WhiteElo "2136"]
[BlackElo "2206"]
[PlyCount "120"]
[EventDate "2006.10.28"]
[EventType "team"]
[EventRounds "11"]
[EventCountry "AUT"]
[WhiteTeam "ASVOe Raika StVeit/Glan"]
[BlackTeam "SC Gleisdorf"]

1.Nf3 c5 2.g3 Nf6 3.Bg2 Nc6 4.d4 e6 5.O-O d5 6.c4 dxc4 7.Qa4 Bd7 8.dxc5 Bxc5
9.Qxc4 Be7 10.Nc3 O-O 11.Rd1 Rc8 12.Bg5 Nd5 13.Nxd5 Bxg5 14.Nxg5 Qxg5 15.Nc3 Qe7
16.Ne4 Rc7 17.Qc3 Qb4 18.Rac1 Qxc3 19.Rxc3 e5 20.b4 a6 21.a3 Bg4 22.Rd2 Rfc8
23.h3 Be6 24.e3 Kf8 25.g4 Ke7 26.Rdc2 Bd5 27.Rc5 Rd8 28.Rd2 Rcd7 29.Rc3 Be6
30.Rxd7+ Bxd7 31.Nc5 Bc8 32.Nxa6 bxa6 33.Bxc6 h5 34.Bf3 hxg4 35.hxg4 e4 36.Bxe4
Bxg4 37.f3 Rd1+ 38.Kf2 Bd7 39.Rc7 Kf6 40.Bb7 Rd2+ 41.Ke1 Rd6 42.e4 Ke5 43.Bxa6
Rxa6 44.Rxd7 Rxa3 45.Rxf7 Rb3 46.Rxg7 Rxf3 47.Kd2 Rb3 48.Rb7 Kxe4 49.Kc2 Rh3
50.Rd7 Ke5 51.Rd8 Ke6 52.Rd1 Rg3 53.b5 Rg5 54.Rb1 Kd7 55.Rb4 Kc7 56.Kb3 Kb6
57.Ka4 Rg1 58.Rf4 Ra1+ 59.Kb3 Rb1+ 60.Kc4 Rc1+

[Event "2 Bundesliga Mitte 2006/2007"]
[Site "St Valentin"]
[Date "2006.10.28"]
[Round "1"]
[Board "6"]
[White "Perhinig, Robert"]
[Black "Kuess, Mario"]
[Result "1-0"]
[WhiteElo "2213"]
[BlackElo "2138"]
[PlyCount "73"]
[EventDate "2006.10.28"]
[EventType "team"]
[EventRounds "11"]
[EventCountry "AUT"]
[WhiteTeam "SC Gleisdorf"]
[BlackTeam "ASVOe Raika StVeit/Glan"]

1.Nf3 f5 2.c4 Nf6 3.d4 e6 4.Nc3 Bb4 5.Qb3 Bxc3+ 6.Qxc3 O-O 7.Bg5 d6 8.g3 b6
9.Bg2 Bb7 10.c5 bxc5 11.dxc5 dxc5 12.Qxc5 Nbd7 13.Qc3 c5 14.O-O Qb6 15.Bxf6 Nxf6
16.Rac1 Ne4 17.Qc2 Rad8 18.Rfd1 Rxd1+ 19.Rxd1 Rd8 20.Ne5 Rxd1+ 21.Qxd1 Bd5
22.Qa4 h6 23.Qe8+ Kh7 24.Qg6+ Kg8 25.Bxe4 Bxe4 26.f3 c4+ 27.Kf1 Bd5 28.Qe8+ Kh7
29.Nd7 Qxb2 30.Nf8+ Kg8 31.Ng6+ Kh7 32.Ne7 Qa1+ 33.Kg2 e5 34.Qg6+ Kh8 35.Nxd5
Qxa2 36.Qe8+ Kh7 37.Qxe5

[Event "2 Bundesliga Mitte 2006/2007"]
[Site "St Valentin"]
[Date "2006.10.28"]
[Round "1"]
[Board "1"]
[White "Fogarasi, Tibor"]
[Black "Mohr, Georg"]
[Result "1/2-1/2"]
[WhiteElo "2435"]
[BlackElo "2478"]
[PlyCount "20"]
[EventDate "2006.10.28"]
[EventType "team"]
[EventRounds "11"]
[EventCountry "AUT"]
[WhiteTeam "Fuerstenfeld"]
[BlackTeam "Strassenbahn Graz"]

1.e4 e6 2.d4 d5 3.Nc3 Nf6 4.e5 Nfd7 5.f4 c5 6.Nf3 a6 7.Be3 Qb6 8.a3 Nc6 9.Na4
Qa5+ 10.c3 c4

[Event "2 Bundesliga Mitte 2006/2007"]
[Site "St Valentin"]
[Date "2006.10.28"]
[Round "1"]
[Board "2"]
[White "Horvath, Gyula"]
[Black "Wach, Markus"]
[Result "1-0"]
[WhiteElo "2431"]
[BlackElo "2385"]
[PlyCount "103"]
[EventDate "2006.10.28"]
[EventType "team"]
[EventRounds "11"]
[EventCountry "AUT"]
[WhiteTeam "Strassenbahn Graz"]
[BlackTeam "Fuerstenfeld"]

1.Nf3 d5 2.c4 c6 3.d4 Nf6 4.Nc3 e6 5.e3 Nbd7 6.Qc2 Bd6 7.b3 O-O 8.Be2 Re8 9.O-O
Qe7 10.Bb2 dxc4 11.Bxc4 h6 12.Ne4 Nxe4 13.Qxe4 e5 14.dxe5 Nxe5 15.Nxe5 Bxe5
16.Bxe5 Qxe5 17.Qxe5 Rxe5 18.Rfd1 Bf5 19.Rd4 a5 20.Rad1 b5 21.Be2 Rc5 22.f4 Re8
23.Kf2 Be4 24.Bf3 Bxf3 25.Kxf3 Kf8 26.g4 Rc2 27.R1d2 Rxd2 28.Rxd2 Ke7 29.h4 Rd8
30.Rxd8 Kxd8 31.Ke4 Ke7 32.Kd4 Kd6 33.e4 c5+ 34.Kd3 f6 35.h5 Kc6 36.Kc3 Kd6
37.a4 Kc6 38.axb5+ Kxb5 39.e5 fxe5 40.fxe5 Kb6 41.Kc4 Kc6 42.e6 Kd6 43.e7 Kxe7
44.Kxc5 Kf6 45.Kb5 Kg5 46.Kxa5 Kxg4 47.b4 Kxh5 48.b5 g5 49.b6 Kh4 50.b7 g4
51.b8=Q g3 52.Qf4+

[Event "2 Bundesliga Mitte 2006/2007"]
[Site "St Valentin"]
[Date "2006.10.28"]
[Round "1"]
[Board "3"]
[White "Kilgus, Georg"]
[Black "Butunoi, Alexandru"]
[Result "0-1"]
[WhiteElo "2360"]
[BlackElo "2404"]
[PlyCount "64"]
[EventDate "2006.10.28"]
[EventType "team"]
[EventRounds "11"]
[EventCountry "AUT"]
[WhiteTeam "Fuerstenfeld"]
[BlackTeam "Strassenbahn Graz"]

1.d4 g6 2.c4 Nf6 3.g3 Bg7 4.Bg2 O-O 5.Nc3 Nc6 6.Nf3 a6 7.O-O Rb8 8.e4 d6 9.h3 b5
10.cxb5 axb5 11.Re1 b4 12.Nd5 Nd7 13.Bg5 h6 14.Qc1 hxg5 15.Qxc6 e6 16.Ne3 Bb7
17.Qc2 c5 18.d5 exd5 19.Nxd5 Bxd5 20.exd5 Nb6 21.Rad1 Ra8 22.b3 Qf6 23.Re2 Ra3
24.Qe4 Qd8 25.Qg4 Bf6 26.Rdd2 Re8 27.Rxe8+ Qxe8 28.Bf1 Qd7 29.Qe4 Kg7 30.Qe3 g4
31.hxg4 Qxg4 32.Bg2 Nc4

[Event "2 Bundesliga Mitte 2006/2007"]
[Site "St Valentin"]
[Date "2006.10.28"]
[Round "1"]
[Board "4"]
[White "Krebs, Johann"]
[Black "Gergacz, Attila"]
[Result "0-1"]
[WhiteElo "2276"]
[BlackElo "2230"]
[PlyCount "40"]
[EventDate "2006.10.28"]
[EventType "team"]
[EventRounds "11"]
[EventCountry "AUT"]
[WhiteTeam "Strassenbahn Graz"]
[BlackTeam "Fuerstenfeld"]

1.d4 Nf6 2.c4 e6 3.Nf3 b6 4.g3 Bb7 5.Bg2 Be7 6.Nc3 Ne4 7.Bd2 Nxc3 8.Bxc3 O-O
9.Qc2 f5 10.d5 Na6 11.O-O Bf6 12.Nd4 Bxd4 13.Bxd4 d6 14.dxe6 Bxg2 15.Kxg2 c5
16.Bc3 Qe8 17.e4 Qxe6 18.exf5 Qxc4 19.Rad1 Nb4 20.b3 Qxf1+

[Event "2 Bundesliga Mitte 2006/2007"]
[Site "St Valentin"]
[Date "2006.10.28"]
[Round "1"]
[Board "5"]
[White "Stuetz, Leopold"]
[Black "Pesorda, Ivan"]
[Result "1/2-1/2"]
[WhiteElo "2187"]
[BlackElo "2250"]
[PlyCount "120"]
[EventDate "2006.10.28"]
[EventType "team"]
[EventRounds "11"]
[EventCountry "AUT"]
[WhiteTeam "Fuerstenfeld"]
[BlackTeam "Strassenbahn Graz"]

1.d4 Nf6 2.c4 c5 3.dxc5 e6 4.a3 Bxc5 5.Nf3 Ne4 6.e3 O-O 7.Qc2 f5 8.Nc3 Nxc3
9.Qxc3 b6 10.Be2 Bb7 11.O-O Rf6 12.b4 Be7 13.Bb2 Rg6 14.Rfd1 Qf8 15.g3 d6 16.Qd2
Nd7 17.Nd4 Ne5 18.f4 Ng4 19.Bf3 Qc8 20.Qg2 Rb8 21.Bxb7 Rxb7 22.Qe2 Rc7 23.b5 Rh6
24.Nc6 Rxh2 25.Qxh2 Nxh2 26.Kxh2 Kf7 27.a4 Rxc6 28.bxc6 Qxc6 29.a5 Bf6 30.Bxf6
Kxf6 31.axb6 axb6 32.Rd4 h6 33.Rad1 Ke7 34.Re1 Qc5 35.Ra1 Qc7 36.Ra8 Kf6 37.Ra3
g5 38.fxg5+ hxg5 39.Rad3 Ke5 40.g4 fxg4 41.Kg3 Qc6 42.Rxg4 Qh1 43.Rxg5+ Kf6
44.Rb5 Qg1+ 45.Kf3 Qf1+ 46.Ke4 Ke7 47.Rdb3 e5 48.Rb1 Qxc4+ 49.Kf3 Qf7+ 50.Ke2
Qh5+ 51.Kd2 Qh2+ 52.Kd3 Ke6 53.Rxb6 Qg2 54.R1b2 Qf1+ 55.Kd2 Kd5 56.R2b3 Qf2+
57.Kd1 Qf1+ 58.Kd2 Ke6 59.Rd3 Qf2+ 60.Kd1 Qf1+

[Event "2 Bundesliga Mitte 2006/2007"]
[Site "St Valentin"]
[Date "2006.10.28"]
[Round "1"]
[Board "6"]
[White "Steiner, Stefan"]
[Black "Radnetter, Georg"]
[Result "1-0"]
[WhiteElo "2229"]
[BlackElo "1995"]
[PlyCount "53"]
[EventDate "2006.10.28"]
[EventType "team"]
[EventRounds "11"]
[EventCountry "AUT"]
[WhiteTeam "Strassenbahn Graz"]
[BlackTeam "Fuerstenfeld"]

1.Nf3 c5 2.b3 Nf6 3.c4 e6 4.Bb2 Be7 5.g3 Nc6 6.Bg2 O-O 7.O-O Qc7 8.Nc3 a6 9.d4
cxd4 10.Nxd4 b6 11.Rc1 Bb7 12.Nd5 Qd8 13.Nxe7+ Qxe7 14.Qd2 Rab8 15.Rfd1 Nxd4
16.Bxd4 Bxg2 17.Kxg2 Rfd8 18.Be5 d6 19.Bxd6 Qe8 20.Qf4 Qc6+ 21.f3 Rb7 22.Be5
Rxd1 23.Rxd1 Nd7 24.Qg4 f6 25.Rd6 Qc5 26.Qxe6+ Kf8 27.Rd5

[Event "2 Bundesliga Mitte 2006/2007"]
[Site "St Valentin"]
[Date "2006.10.28"]
[Round "1"]
[Board "1"]
[White "Shengelia, Davit"]
[Black "Farago, Ivan"]
[Result "1/2-1/2"]
[WhiteElo "2490"]
[BlackElo "2513"]
[PlyCount "211"]
[EventDate "2006.10.28"]
[EventType "team"]
[EventRounds "11"]
[EventCountry "AUT"]
[WhiteTeam "Union Styria Kleine Zeitung Graz 2"]
[BlackTeam "SC Ansfelden"]

1.d4 Nf6 2.c4 e6 3.Nf3 d5 4.e3 Be7 5.Nbd2 O-O 6.Qc2 Nbd7 7.c5 c6 8.b4 b6 9.Bb2
a5 10.a3 Qc7 11.Nb3 axb4 12.axb4 Rxa1+ 13.Bxa1 Qa7 14.Nfd2 Ba6 15.Qa2 Ra8
16.Qxa6 Qxa6 17.Bxa6 Rxa6 18.Ke2 Ne8 19.Bc3 Nc7 20.Ra1 Rxa1 21.Bxa1 Kf8 22.f3
Ke8 23.Kd3 Kd8 24.Bc3 Nb5 25.Nb1 Kc8 26.Be1 Bd8 27.Bg3 Bc7 28.Bxc7 Kxc7 29.e4
Nb8 30.Nc3 Nxc3 31.Kxc3 Kb7 32.Nc1 bxc5 33.dxc5 Na6 34.Nd3 Kc7 35.exd5 exd5
36.Kb3 f6 37.Ka4 Kb7 38.Nf4 Nc7 39.Ka5 g6 40.g4 d4 41.h4 g5 42.hxg5 fxg5 43.Nd3
Nd5 44.Ka4 Ka6 45.Ne5 Nc3+ 46.Kb3 Kb5 47.Nf7 Ne2 48.Nd6+ Ka6 49.Kc4 Ng1 50.f4
gxf4 51.Kxd4 Ne2+ 52.Ke4 h5 53.gxh5 Ng3+ 54.Kxf4 Nxh5+ 55.Ke5 Ng7 56.Kd4 Ne6+
57.Kc4 Ka7 58.Nf5 Kb7 59.Nd4 Nf4 60.Kb3 Nd5 61.Ka4 Ne3 62.Nb3 Nd5 63.Na5+ Kc7
64.Nc4 Kb7 65.Ka5 Ka7 66.Nd6 Nc3 67.Nf5 Kb7 68.Nd4 Nd5 69.Ne6 Nc3 70.Nd8+ Kc7
71.Nf7 Kb7 72.Ne5 Nd5 73.Ka4 Kc7 74.Kb3 Ne3 75.Kc3 Nd5+ 76.Kc4 Ne3+ 77.Kd4 Nc2+
78.Kc3 Ne3 79.Nd3 Nf5 80.Nf4 Ne3 81.Kd3 Nf5 82.Ke4 Ne7 83.Ke5 Kd7 84.Kf6 Ng8+
85.Kf5 Ne7+ 86.Ke5 Nc8 87.Ng6 Na7 88.Kf6 Nb5 89.Nf8+ Ke8 90.Ng6 Kd7 91.Ne5+ Kc7
92.Ke7 Nc3 93.Ke6 Na2 94.Nd3 Nc3 95.Nc1 Nb5 96.Ne2 Kc8 97.Ke7 Nc7 98.Kd6 Na6
99.Nd4 Nxb4 100.Nxc6 Na6 101.Ne7+ Kd8 102.c6 Nc7 103.Nd5 Nxd5 104.Kxd5 Kc7
105.Kc5 Kc8 106.Kb6

[Event "2 Bundesliga Mitte 2006/2007"]
[Site "St Valentin"]
[Date "2006.10.28"]
[Round "1"]
[Board "2"]
[White "Knoll, Hermann"]
[Black "Danner, Georg"]
[Result "0-1"]
[WhiteElo "2373"]
[BlackElo "2411"]
[PlyCount "114"]
[EventDate "2006.10.28"]
[EventType "team"]
[EventRounds "11"]
[EventCountry "AUT"]
[WhiteTeam "SC Ansfelden"]
[BlackTeam "Union Styria Kleine Zeitung Graz 2"]

1.d4 f5 2.g3 Nf6 3.Bg2 e6 4.Nh3 Be7 5.O-O O-O 6.c4 d6 7.Nf4 c6 8.Nd3 Qe8 9.Nc3
Nbd7 10.e4 fxe4 11.Nxe4 Nxe4 12.Bxe4 d5 13.Bg2 dxc4 14.Nf4 Nb6 15.Re1 Qf7 16.Qe2
Bb4 17.Rd1 Bd7 18.b3 cxb3 19.Nd3 Bd6 20.axb3 Nd5 21.Bb2 a6 22.Nc5 Bc8 23.Rac1
Nf6 24.Nd3 Qh5 25.Bf3 Qf5 26.Ne5 Bxe5 27.dxe5 Nd5 28.Be4 Qh3 29.Rc4 Bd7 30.Bg2
Qf5 31.Rh4 g6 32.Qd2 Rad8 33.Be4 Qf7 34.Ba3 Rfe8 35.Bd6 Bc8 36.Qg5 Ne7 37.g4 Nd5
38.Bxd5 exd5 39.Rd4 Rxd6 40.exd6 Qf3 41.Qc1 Qf6 42.g5 Qxd6 43.b4 Re5 44.f4 Re2
45.Kf1 Qe7 46.Rxd5 cxd5 47.Qxc8+ Qe8 48.Qc3 Qb5 49.Kg1 Qc4 50.Rh3 Qxc3 51.Rxc3
d4 52.Rc8+ Kf7 53.Rd8 Re4 54.Kf2 Ke7 55.Rd5 Ke6 56.Rd8 Rxf4+ 57.Kg3 Rf5

[Event "2 Bundesliga Mitte 2006/2007"]
[Site "St Valentin"]
[Date "2006.10.28"]
[Round "1"]
[Board "3"]
[White "Wittmann, Walter"]
[Black "Hellmayr, Alois"]
[Result "1/2-1/2"]
[WhiteElo "2361"]
[BlackElo "2315"]
[PlyCount "25"]
[EventDate "2006.10.28"]
[EventType "team"]
[EventRounds "11"]
[EventCountry "AUT"]
[WhiteTeam "Union Styria Kleine Zeitung Graz 2"]
[BlackTeam "SC Ansfelden"]

1.e4 c5 2.Nf3 e6 3.d4 cxd4 4.Nxd4 a6 5.Nc3 Qc7 6.Bd3 Nf6 7.f4 d6 8.a4 Nc6 9.Nxc6
bxc6 10.Qe2 d5 11.O-O Be7 12.Kh1 Bb7 13.e5

[Event "2 Bundesliga Mitte 2006/2007"]
[Site "St Valentin"]
[Date "2006.10.28"]
[Round "1"]
[Board "4"]
[White "Tkaczuk, Rainer"]
[Black "Arwanitakis, Michael"]
[Result "0-1"]
[WhiteElo "2279"]
[BlackElo "2265"]
[PlyCount "96"]
[EventDate "2006.10.28"]
[EventType "team"]
[EventRounds "11"]
[EventCountry "AUT"]
[WhiteTeam "SC Ansfelden"]
[BlackTeam "Union Styria Kleine Zeitung Graz 2"]

1.e4 c5 2.Nf3 d6 3.Bb5+ Bd7 4.Bxd7+ Qxd7 5.c4 Nc6 6.Nc3 Nf6 7.d4 cxd4 8.Nxd4 g6
9.f3 Bg7 10.Be3 O-O 11.Rc1 a6 12.O-O Nxd4 13.Bxd4 b5 14.cxb5 axb5 15.a3 Qb7
16.Qb3 Rfb8 17.Na2 Rc8 18.Rfd1 Rxc1 19.Nxc1 Rc8 20.Na2 Rc4 21.Be3 Nd7 22.Nc3
Bxc3 23.bxc3 Qc6 24.Rc1 Nc5 25.Bxc5 Qxc5+ 26.Kf1 Kg7 27.Ke2 Qg5 28.Rg1 Qe5
29.Rc1 f5 30.Kf2 fxe4 31.Qc2 exf3 32.g3 Qh5 33.h4 Qc5+ 34.Kxf3 Qxa3 35.Kg2 Qa8+
36.Kh2 Qf3 37.Qd2 Re4 38.Rc2 Re3 39.Qd4+ e5 40.Qa7+ Kh6 41.Rg2 Re2 42.Rxe2 Qxe2+
43.Kh3 Qf3 44.Qb8 Kh5 45.Kh2 Kg4 46.Qxd6 Qf2+ 47.Kh1 Kh3 48.Qd7+ Qf5

[Event "2 Bundesliga Mitte 2006/2007"]
[Site "St Valentin"]
[Date "2006.10.28"]
[Round "1"]
[Board "5"]
[White "Wagner, Stephan"]
[Black "Rumpl, Erwin"]
[Result "1-0"]
[WhiteElo "2231"]
[BlackElo "2288"]
[PlyCount "71"]
[EventDate "2006.10.28"]
[EventType "team"]
[EventRounds "11"]
[EventCountry "AUT"]
[WhiteTeam "Union Styria Kleine Zeitung Graz 2"]
[BlackTeam "SC Ansfelden"]

1.c4 g6 2.Nc3 Bg7 3.g3 e5 4.Bg2 d6 5.Rb1 a5 6.a3 f5 7.d3 Nf6 8.e3 O-O 9.Nge2 c6
10.O-O Na6 11.b4 axb4 12.axb4 Nc7 13.b5 Bd7 14.Qb3 Qe7 15.Ba3 Ne6 16.d4 e4
17.Rfd1 Ng5 18.Nf4 Nf3+ 19.Bxf3 exf3 20.Bxd6 Qe8 21.Bxf8 Bxf8 22.Ra1 Rc8 23.Nd3
g5 24.Ne5 Qh5 25.c5+ Kg7 26.bxc6 Bxc6 27.d5 Re8 28.Nxf3 Qxf3 29.dxc6 Bxc5 30.Nd5
f4 31.Qc3 Re6 32.Nxf6 Rxf6 33.Qxc5 fxg3 34.Qxg5+ Kf8 35.Ra8+ Ke7 36.Rd7+

[Event "2 Bundesliga Mitte 2006/2007"]
[Site "St Valentin"]
[Date "2006.10.28"]
[Round "1"]
[Board "6"]
[White "Mittermayr, Gerhard"]
[Black "Hatzl, Stefan"]
[Result "1-0"]
[WhiteElo "2178"]
[BlackElo "2159"]
[PlyCount "105"]
[EventDate "2006.10.28"]
[EventType "team"]
[EventRounds "11"]
[EventCountry "AUT"]
[WhiteTeam "SC Ansfelden"]
[BlackTeam "Union Styria Kleine Zeitung Graz 2"]

1.e4 c5 2.Nf3 d6 3.d4 cxd4 4.Nxd4 Nf6 5.Nc3 a6 6.Be2 e5 7.Nb3 Be7 8.Be3 O-O
9.O-O Be6 10.a4 Nbd7 11.a5 b5 12.axb6 Nxb6 13.Na5 Qc7 14.Qd3 Rfc8 15.Rfc1 Nc4
16.Nxc4 Bxc4 17.Qxc4 Qxc4 18.Bxc4 Rxc4 19.f3 Rc6 20.Kf2 Rac8 21.Ke2 Rb8 22.Nd5
Bd8 23.Ra2 h6 24.Kd3 Nd7 25.b4 Kh7 26.Rca1 Nf6 27.c3 a5 28.bxa5 Nxd5 29.exd5 Ra6
30.Bd2 Rc8 31.c4 f5 32.Rc1 h5 33.Rb2 Rca8 34.Ra2 Rc8 35.Bb4 Rb8 36.Ra4 Rc8 37.c5
dxc5 38.Rxc5 Rxc5 39.Bxc5 Rxa5 40.Rxa5 Bxa5 41.Bd6 g5 42.Bxe5 Kg6 43.Kc4 f4
44.Kb5 Kf5 45.Bd4 Bd8 46.Kc6 g4 47.Bb6 Bf6 48.d6 h4 49.h3 gxh3 50.gxh3 Ke5 51.d7
Bg5 52.Bc7+ Kd4 53.Bxf4

[Event "2 Bundesliga Mitte 2006/2007"]
[Site "St Valentin"]
[Date "2006.10.28"]
[Round "1"]
[Board "1"]
[White "Sakelsek, Tadej"]
[Black "Tompa, Janos"]
[Result "1/2-1/2"]
[WhiteElo "2432"]
[BlackElo "2407"]
[PlyCount "29"]
[EventDate "2006.10.28"]
[EventType "team"]
[EventRounds "11"]
[EventCountry "AUT"]
[WhiteTeam "Austria Graz"]
[BlackTeam "ASK St Valentin"]

1.e4 e5 2.Nf3 Nc6 3.Bb5 Bc5 4.O-O d6 5.d4 exd4 6.Nxd4 Bd7 7.Nb3 Bb6 8.Nc3 Nge7
9.Na4 O-O 10.Nxb6 axb6 11.Bd3 f5 12.c3 Ne5 13.Bc2 f4 14.f3 Qe8 15.Nd4

[Event "2 Bundesliga Mitte 2006/2007"]
[Site "St Valentin"]
[Date "2006.10.28"]
[Round "1"]
[Board "2"]
[White "Sandhoefner, Florian"]
[Black "Fahrner, Kurt"]
[Result "0-1"]
[WhiteElo "2271"]
[BlackElo "2346"]
[PlyCount "70"]
[EventDate "2006.10.28"]
[EventType "team"]
[EventRounds "11"]
[EventCountry "AUT"]
[WhiteTeam "ASK St Valentin"]
[BlackTeam "Austria Graz"]

1.e4 Nf6 2.e5 Nd5 3.d4 d6 4.c4 Nb6 5.exd6 cxd6 6.Nc3 g6 7.Be3 Bg7 8.Qd2 Nc6 9.d5
Ne5 10.b3 a5 11.a4 Nbd7 12.f4 Ng4 13.Bd4 O-O 14.Bxg7 Kxg7 15.h3 Ngf6 16.g4 Nc5
17.Rb1 h5 18.g5 Ne8 19.Nf3 Bf5 20.Rb2 Kg8 21.Nh4 Qd7 22.Qe3 Ng7 23.Kd1 Rae8
24.Bg2 e5 25.dxe6 fxe6 26.Ne4 Bxe4 27.Bxe4 Nf5 28.Nxf5 exf5 29.Bd5+ Kh7 30.Qf3
Qg7 31.Kc2 Re7 32.Kb1 Rfe8 33.Ka2 Re3 34.Qg2 Nd3 35.Rd2 Qc3

[Event "2 Bundesliga Mitte 2006/2007"]
[Site "St Valentin"]
[Date "2006.10.28"]
[Round "1"]
[Board "4"]
[White "Heimberger, Reinhard"]
[Black "Aschenbrenner, Robert"]
[Result "0-1"]
[WhiteElo "2294"]
[BlackElo "2280"]
[PlyCount "64"]
[EventDate "2006.10.28"]
[EventType "team"]
[EventRounds "11"]
[EventCountry "AUT"]
[WhiteTeam "ASK St Valentin"]
[BlackTeam "Austria Graz"]

1.c4 e5 2.Nc3 Bb4 3.Qc2 Nc6 4.e3 Nf6 5.Nf3 O-O 6.Be2 Re8 7.a3 e4 8.Nxe4 Nxe4
9.axb4 Nxb4 10.Qb3 a5 11.d4 d6 12.O-O Bg4 13.Qd1 b6 14.Ne1 Bxe2 15.Qxe2 d5 16.b3
c5 17.Nf3 cxd4 18.Nxd4 dxc4 19.bxc4 Rc8 20.Bb2 Qg5 21.Rfd1 Qg6 22.Rac1 Na2
23.Ra1 Nac3 24.Qf3 Nxd1 25.Rxd1 Nd6 26.Rc1 h6 27.Qe2 Qe4 28.h3 Nf5 29.Nb5 Red8
30.Ba1 Rc6 31.g3 Nh4 32.Qg4 Qg2#

[Event "2 Bundesliga Mitte 2006/2007"]
[Site "St Valentin"]
[Date "2006.10.28"]
[Round "1"]
[Board "5"]
[White "Kastner, Walter"]
[Black "Kranzl, Peter"]
[Result "1/2-1/2"]
[WhiteElo "2239"]
[BlackElo "2258"]
[PlyCount "138"]
[EventDate "2006.10.28"]
[EventType "team"]
[EventRounds "11"]
[EventCountry "AUT"]
[WhiteTeam "Austria Graz"]
[BlackTeam "ASK St Valentin"]

1.e4 c6 2.d4 d5 3.Nc3 dxe4 4.Nxe4 Nd7 5.Ng5 Ngf6 6.Bd3 e6 7.N1f3 Bd6 8.Qe2 h6
9.Ne4 Nxe4 10.Qxe4 Qc7 11.Bd2 c5 12.dxc5 Nxc5 13.Bb5+ Kf8 14.Qe3 a6 15.Be2 Bd7
16.b4 Na4 17.c4 Bc6 18.Rc1 Rd8 19.h4 h5 20.Rc2 Be7 21.Qb3 Nb6 22.b5 Be4 23.Rc1
Nd7 24.Bb4 Nc5 25.Qa3 Bxf3 26.gxf3 axb5 27.cxb5 b6 28.Rc4 Qe5 29.Rc3 Rh6 30.Kf1
Rg6 31.Qa7 Qf5 32.Rc1 Qf4 33.Qa3 Kg8 34.Rc4 Qe5 35.Bc3 Qf5 36.Bb4 Bf8 37.Rc3 e5
38.Qc1 Rd4 39.a3 Qd7 40.Re3 Rgd6 41.Qc2 R4d5 42.Bc4 Rd1+ 43.Kg2 Rxh1 44.Kxh1 Rd4
45.Kg2 Rxh4 46.Kf1 Qd4 47.Ba2 Qa1+ 48.Re1 Rh1+ 49.Ke2 Rxe1+ 50.Bxe1 Qd4 51.Bc3
Qf4 52.Qg6 h4 53.Bd2 Qf6 54.Qxf6 gxf6 55.Kf1 f5 56.Bg5 Kg7 57.Bd8 Nd7 58.a4 Bb4
59.Kg2 Ba5 60.Bb1 Nc5 61.Bxf5 Nxa4 62.Kh3 Nc3 63.Bd7 f5 64.Kxh4 Kg6 65.Be8+ Kh6
66.Bg5+ Kg7 67.Be7 Nd5 68.Bd8 Nf6 69.Bc6 Kg6

[Event "2 Bundesliga Mitte 2006/2007"]
[Site "St Valentin"]
[Date "2006.10.28"]
[Round "1"]
[Board "6"]
[White "Trauner, Rudolf"]
[Black "Pfaffel, Thomas"]
[Result "1-0"]
[WhiteElo "2233"]
[BlackElo "2144"]
[PlyCount "83"]
[EventDate "2006.10.28"]
[EventType "team"]
[EventRounds "11"]
[EventCountry "AUT"]
[WhiteTeam "ASK St Valentin"]
[BlackTeam "Austria Graz"]

1.c4 Nf6 2.Nc3 e5 3.g3 c6 4.Nf3 e4 5.Nd4 Qb6 6.Nb3 d5 7.cxd5 cxd5 8.Bg2 Bf5 9.d3
Nc6 10.dxe4 dxe4 11.O-O Bg6 12.Bg5 Rd8 13.Qc1 Be7 14.Bxf6 Bxf6 15.Bxe4 Bxe4
16.Nxe4 Be5 17.Qc5 Qb4 18.Qxb4 Nxb4 19.Rab1 Ke7 20.a3 Nc6 21.Rfc1 Nd4 22.Nxd4
Rxd4 23.Nc5 Rd2 24.Nd3 Rxe2 25.Kf1 Re4 26.Re1 Rxe1+ 27.Rxe1 f6 28.f4 Rd8 29.Re3
Rxd3 30.Rxd3 Bd6 31.f5 b6 32.Kg2 Be5 33.b3 Bb2 34.Rd2 Be5 35.Kf3 Bd6 36.Ke4 a5
37.a4 g6 38.g4 g5 39.Kd5 Kd7 40.h3 Be7 41.Re2 Bd8 42.Re6